Central Library OPAC University of Rajshahi

Figurative poetry in Sanskrit literature / (Record no. 86139)

MARC details
000 -LEADER
fixed length control field 00931nam a2200301 a 4500
001 - CONTROL NUMBER
control field 86139
003 - CONTROL NUMBER IDENTIFIER
rucl marc code BD-RjUL
005 - DATE AND TIME OF LATEST TRANSACTION
control field 20260126104120.0
008 - FIXED-LENGTH DATA ELEMENTS--GENERAL INFORMATION
fixed length control field 250126s1975 ii a b 000 0 eng
020 ## - INTERNATIONAL STANDARD BOOK NUMBER
International Standard Book Number 0842608192 :
Terms of availability Rs. 35.00
International Standard Book Number 9780842608190
035 ## - SYSTEM CONTROL NUMBER
System control number (BD-RjUL)86139
040 ## - CATALOGING SOURCE
Original cataloging agency DLC
Transcribing agency DLC
Modifying agency DLC
-- BD-RjUL
Language of cataloging eng
041 ## - LANGUAGE CODE
Language code of text/sound track or separate title eng
082 00 - DEWEY DECIMAL CLASSIFICATION NUMBER
Edition number 23
Classification number 891.21009
Author mark and year JHF 1975
100 1# - MAIN ENTRY--PERSONAL NAME
Personal name Jha, Kalanath,
Dates associated with a name 1934-
9 (RLIN) 17637
245 10 - TITLE STATEMENT
Title Figurative poetry in Sanskrit literature /
Statement of responsibility, etc. Kalanath Jha.
250 ## - EDITION STATEMENT
Edition statement 1st ed.
260 ## - PUBLICATION, DISTRIBUTION, ETC. (IMPRINT)
Place of publication, distribution, etc. Delhi :
Name of publisher, distributor, etc. Motilal Banarsidass,
Date of publication, distribution, etc. 1975.
300 ## - PHYSICAL DESCRIPTION
Pagination xv, 212 p. :
Illustrations ill. ;
Size 22 cm.
336 ## - CONTENT TYPE
Content type term text
Content type code txt
Source rdacontent
337 ## - MEDIA TYPE
Media type term unmediated
Media type code n
Source rdamedia
338 ## - CARRIER TYPE
Carrier type term volume
Carrier type code nc
Source rdacarrier
504 ## - BIBLIOGRAPHY, ETC. NOTE
Bibliography, etc Bibliography: p. [191]-194.
650 #0 - SUBJECT ADDED ENTRY--TOPICAL TERM
Topical term or geographic name as entry element Sanskrit poetry
General subdivision History and criticism.
9 (RLIN) 17638
Topical term or geographic name as entry element Sanskrit language
General subdivision Figures of speech.
9 (RLIN) 17639
942 ## - ADDED ENTRY ELEMENTS (KOHA)
Source of classification or shelving scheme Dewey Decimal Classification
Koha item type Books
Holdings
Lost status Source of classification or shelving scheme Damaged status Not for loan Collection code Permanent Location Current Location Shelving location Date acquired Source of acquisition Cost, normal purchase price Total Checkouts Full call number Date last seen Copy number Koha item type
  Dewey Decimal Classification   Not For Loan Non-fiction Central Library, University of Rajshahi Central Library, University of Rajshahi Reading Room 26/02/1979 India Int. 35.00   891.21009 JHF 1975 26/01/2026 C-1 Books